<?xml version="1.0" encoding="UTF-8"?><?xml-stylesheet type="text/xsl" href="static/style.xsl"?><OAI-PMH xmlns="http://www.openarchives.org/OAI/2.0/" xmlns:xsi="http://www.w3.org/2001/XMLSchema-instance" xsi:schemaLocation="http://www.openarchives.org/OAI/2.0/ http://www.openarchives.org/OAI/2.0/OAI-PMH.xsd"><responseDate>2026-04-17T05:31:28Z</responseDate><request verb="GetRecord" identifier="oai:www.recercat.cat:2445/220614" metadataPrefix="marc">https://recercat.cat/oai/request</request><GetRecord><record><header><identifier>oai:recercat.cat:2445/220614</identifier><datestamp>2025-12-05T10:36:05Z</datestamp><setSpec>com_2072_1057</setSpec><setSpec>col_2072_478917</setSpec><setSpec>col_2072_478935</setSpec></header><metadata><record xmlns="http://www.loc.gov/MARC21/slim" xmlns:dcterms="http://purl.org/dc/terms/" xmlns:xsi="http://www.w3.org/2001/XMLSchema-instance" xmlns:doc="http://www.lyncode.com/xoai" xsi:schemaLocation="http://www.loc.gov/MARC21/slim http://www.loc.gov/standards/marcxml/schema/MARC21slim.xsd">
   <leader>00925njm 22002777a 4500</leader>
   <datafield ind2=" " ind1=" " tag="042">
      <subfield code="a">dc</subfield>
   </datafield>
   <datafield ind2=" " ind1=" " tag="720">
      <subfield code="a">Palma Salinas, Ignacia</subfield>
      <subfield code="e">author</subfield>
   </datafield>
   <datafield ind2=" " ind1=" " tag="260">
      <subfield code="c">2025-04-25T11:32:30Z</subfield>
   </datafield>
   <datafield ind2=" " ind1=" " tag="260">
      <subfield code="c">2025-04-25T11:32:30Z</subfield>
   </datafield>
   <datafield ind2=" " ind1=" " tag="260">
      <subfield code="c">2024-07-22</subfield>
   </datafield>
   <datafield ind2=" " ind1=" " tag="260">
      <subfield code="c">2025-04-25T11:32:30Z</subfield>
   </datafield>
   <datafield ind2=" " ind1=" " tag="520">
      <subfield code="a">El desarrollo de la investigación educativa ha ido poniendo cada vez más atención en la promoción de la participación y en las interacciones de los distintos agentes de las comunidades escolares. En este contexto, el proyecto de Comunidades de Aprendizaje ha demostrado ser efectivo para transformar las posiciones socialmente desiguales entre docentes y estudiantes, así como entre docentes y familias. A partir de un estudio de casos múltiples cualitativo en dos escuelas de educación básica en la Región de Coquimbo en Chile, se establece como objetivo de este artículo analizar las principales características de las relaciones entre docentes y estudiantes en estas dos escuelas que implementan el proyecto de Comunidades de Aprendizaje. Se empleó la metodología comunicativa y las técnicas de recogida de datos fueron los relatos comunicativos de la vida cotidiana y los grupos de discusión comunicativos con estudiantes, docentes y apoderadas de las escuelas. Los resultados demuestran que en ambas escuelas se generan relaciones basadas en la preocupación por los aprendizajes y el bienestar de sus estudiantes, junto con el desarrollo de la cercanía, el diálogo y el respeto mutuo. Este modo de relacionarse permite que el estudiantado se sienta en confianza, a la vez que genera la seguridad para expresarse y decir lo que piensan a sus docentes. Se concluye que, en los establecimientos educativos de este estudio, el proyecto de Comunidades de Aprendizaje ha contribuido en la generación del diálogo igualitario entre estudiantes y docentes en las relaciones cotidianas de la escuela. Con base en los hallazgos de esta investigación, se recomienda potenciar relaciones educativas basadas en el diálogo igualitario, en tanto pueden favorecer los aprendizajes y fomentar la expresión del estamento estudiantil en el contexto escolar.</subfield>
   </datafield>
   <datafield tag="653" ind2=" " ind1=" ">
      <subfield code="a">Professors</subfield>
   </datafield>
   <datafield tag="653" ind2=" " ind1=" ">
      <subfield code="a">Avaluació dels estudiants</subfield>
   </datafield>
   <datafield tag="653" ind2=" " ind1=" ">
      <subfield code="a">Desigualtat social</subfield>
   </datafield>
   <datafield tag="653" ind2=" " ind1=" ">
      <subfield code="a">Educació primària</subfield>
   </datafield>
   <datafield tag="653" ind2=" " ind1=" ">
      <subfield code="a">Teachers</subfield>
   </datafield>
   <datafield tag="653" ind2=" " ind1=" ">
      <subfield code="a">Rating of students</subfield>
   </datafield>
   <datafield tag="653" ind2=" " ind1=" ">
      <subfield code="a">Social inequality</subfield>
   </datafield>
   <datafield tag="653" ind2=" " ind1=" ">
      <subfield code="a">Primary education</subfield>
   </datafield>
   <datafield ind2="0" ind1="0" tag="245">
      <subfield code="a">Transformando desigualdades: relaciones entre estudiantes de primaria y docentes en Comunidades de Aprendizaje</subfield>
   </datafield>
</record></metadata></record></GetRecord></OAI-PMH>